Facultad de Derecho – Universidad Nacional de Mar del Plata

Derecho Ambiental : (Record no. 3201)

MARC details
000 -CABECERA
campo de control de longitud fija 01103nam a22003735a 4500
001 - NUMERO DE CONTROL
campo de control 002848
003 - IDENTIFICADOR DE NUMERO DE CONTROL
campo de control armpunfd
005 - FECHA ULTIMA MODIFICACION
campo de control 20180604175247.0
008 - ELEMENTOS DE LONGITUD FIJA -- INFORMACION GENERAL
campo de control de longitud fija 140804s2013####ag############000#0#und#d
020 ## - NUMERO INTERNACIONAL NORMALIZADO PARA LIBROS (ISBN)
International Standard Book Number 9789502024721
080 ## - NUMERO DE CLASIFICACION DECIMAL UNIVERSAL (CDU)
Número de la Clasificación Decimal Universal 349.6 (821.2) Es 11
245 10 - MENCION DE TITULO
Título propiamente dicho Derecho Ambiental :
Parte restante del título en la Provincia de Buenos Aires /
260 ## - PUBLICACION, DISTRIBUCION, ETC. (PIE DE IMPRENTA)
Lugar de publicación, distribución, etc. Buenos Aires :
Nombre del editor, distribuidor, etc. Abeledo- Perrot,
Fecha de publicación, distribución, etc. 2013.
300 ## - DESCRIPCION FISICA
Extensión 848 P ;
Dimensiones 24 X 17 Cm.
650 #7 - ASIENTO SECUNDARIO DE MATERIA - TERMINO TEMATICO
Término temático o nombre geográfico como elemento de entrada Amparo
Fuente del encabezamiento o término LEMB
650 #7 - ASIENTO SECUNDARIO DE MATERIA - TERMINO TEMATICO
Término temático o nombre geográfico como elemento de entrada Daños y Perjuicios
Fuente del encabezamiento o término LEMB
650 #7 - ASIENTO SECUNDARIO DE MATERIA - TERMINO TEMATICO
Término temático o nombre geográfico como elemento de entrada Derecho Agrario
Fuente del encabezamiento o término LEMB
650 #7 - ASIENTO SECUNDARIO DE MATERIA - TERMINO TEMATICO
Término temático o nombre geográfico como elemento de entrada Derecho Ambiental
Fuente del encabezamiento o término LEMB
650 #7 - ASIENTO SECUNDARIO DE MATERIA - TERMINO TEMATICO
Término temático o nombre geográfico como elemento de entrada Derechos Humanos
Fuente del encabezamiento o término LEMB
650 #7 - ASIENTO SECUNDARIO DE MATERIA - TERMINO TEMATICO
Término temático o nombre geográfico como elemento de entrada Facultades de las Provincias
Fuente del encabezamiento o término LEMB
650 #7 - ASIENTO SECUNDARIO DE MATERIA - TERMINO TEMATICO
Término temático o nombre geográfico como elemento de entrada Medio Ambiente
Fuente del encabezamiento o término LEMB
650 #7 - ASIENTO SECUNDARIO DE MATERIA - TERMINO TEMATICO
Término temático o nombre geográfico como elemento de entrada Minas
Fuente del encabezamiento o término LEMB
650 #7 - ASIENTO SECUNDARIO DE MATERIA - TERMINO TEMATICO
Término temático o nombre geográfico como elemento de entrada Poder de Policia
Fuente del encabezamiento o término LEMB
650 #7 - ASIENTO SECUNDARIO DE MATERIA - TERMINO TEMATICO
Término temático o nombre geográfico como elemento de entrada Residuos Peligrosos
Fuente del encabezamiento o término LEMB
650 #7 - ASIENTO SECUNDARIO DE MATERIA - TERMINO TEMATICO
Término temático o nombre geográfico como elemento de entrada codigo de aguas
Fuente del encabezamiento o término LEMB
650 #7 - ASIENTO SECUNDARIO DE MATERIA - TERMINO TEMATICO
Término temático o nombre geográfico como elemento de entrada codigo rural
Fuente del encabezamiento o término derecho ambiental constitucional
651 ## - ASIENTO SECUNDARIO DE MATERIA - NOMBRE GEOGRAFICO
Fuente del encabezamiento o término LEMB
700 1# - ASIENTO SECUNDARIO - NOMBRE PERSONAL
Nombre personal Esain, Jose Alberto.
700 1# - ASIENTO SECUNDARIO - NOMBRE PERSONAL
Nombre personal Garcia Minella, Gabriela.
945 ## - INFORMACION DE PROCESAMIENTO LOCAL
Fecha de ingreso o modificación 2014-08-04
945 ## - INFORMACION DE PROCESAMIENTO LOCAL
Fecha de ingreso o modificación 2014-08-04
945 ## - INFORMACION DE PROCESAMIENTO LOCAL
Fecha de ingreso o modificación 2014-08-04
Holdings
Retirado Perdido Dañado No se presta Ubicación permanente Locación actual Estante o sala Fecha de adquisición Enumeración, cronología para publ. seriadas Signatura topográfica Inventario Ultima fecha vista Tipo de item de Koha
        Bib. Derecho Bib. Derecho Biblioteca Graduados 09/12/2014 T 1 349.6 (821.2) Es 11 300096 27/02/2025 LIBRO (Consulta)
        Bib. Derecho Bib. Derecho Biblioteca Graduados 09/12/2014 T 2 349.6 (821.2) Es 11 300097 26/05/2022 LIBRO (Consulta)
        Bib. Derecho Bib. Derecho Biblioteca Graduados 09/12/2014 T 3 349.6 (821.2) Es 11 300098 26/04/2016 LIBRO (Consulta)

XHTML | CSS | ©Biblioteca Central - Dto. Tecnología de la Información - [ Con tecnología Koha ]